Online
Catalog

By great waters : (Record no. 18753)

MARC details
000 -CABECERA
campo de control de longitud fija 00777cam a2200217 a 4500
001 - NÚMERO DE CONTROL
campo de control 000019235
005 - FECHA Y HORA DE LA ÚLTIMA TRANSACCIÓN
campo de control 20200929165946.0
008 - DATOS DE LONGITUD FIJA--INFORMACIÓN GENERAL
campo de control de longitud fija 750417s1974 xxcb rb 000 0 eng d
020 ## - NÚMERO INTERNACIONAL ESTÁNDAR DEL LIBRO
Número Internacional Estándar del Libro 0802062334
040 ## - FUENTE DE LA CATALOGACIÓN
Centro catalogador/agencia de origen DO-SdBNP
Lengua de catalogación spa
Centro/agencia transcriptor BNPHU
082 ## - NÚMERO DE LA CLASIFICACIÓN DECIMAL DEWEY
Número de clasificación xxxx
Número de documento/Ítem xxxx
245 00 - MENCIÓN DE TÍTULO
Título By great waters :
Resto del título a Newfoundland and labrador anthology /
Mención de responsabilidad, etc. edición y introducción Peter Neary y Patrick O'Flaherty.
260 ## - PUBLICACIÓN, DISTRIBUCIÓN, ETC.
Lugar de publicación, distribución, etc. Toronto, Canada :
Nombre del editor, distribuidor, etc. University of Toronto,
Fecha de publicación, distribución, etc. 1974.
300 ## - DESCRIPCIÓN FÍSICA
Extensión xi, 262 p. :
Otras características físicas mapas, ;
Dimensiones 22 cm.
490 1# - MENCIÓN DE SERIE
Mención de serie The social history of Canada.
Designación de volumen o secuencia 21
504 ## - NOTA DE BIBLIOGRAFÍA, ETC.
Nota de bibliografía, etc. Bibliografía : p. 254-262.
590 ## - NOTA LOCAL (RLIN)
Nota local Inventariado, 2019/BT
700 1# - PUNTO DE ACCESO ADICIONAL--NOMBRE DE PERSONA
Nombre de persona Neary, Peter,
Término indicativo de función/relación ed.
9 (RLIN) 41388
700 1# - PUNTO DE ACCESO ADICIONAL--NOMBRE DE PERSONA
Nombre de persona O'Flaherty, Patrick,
Término indicativo de función/relación ed.
9 (RLIN) 41389
830 #0 - PUNTO DE ACCESO ADICIONAL DE SERIE-TÍTULO UNIFORME
Título uniforme The social history of Canada.
Número de parte o sección de la obra 21
9 (RLIN) 41390
Holdings
Estado de retiro Estado de pérdida Restricciones de uso No para préstamo Código de colección Localización permanente Ubicación/localización actual Ubicación en estantería Fecha de adquisición Número de inventario Total de préstamos Signatura topográfica completa Código de barras Fecha visto por última vez Precio válido a partir de Tipo de ítem Koha
        Monografías: Libros y Folletos General General Depósito 28.05.2010 LF1   xxxx xxxx 19235-10 25.06.2020 25.06.2020 Préstamo en sala

Powered by Koha